Historia del tejido de seda / (Record no. 61972)

MARC details
000 -LEADER
campo de control de longitud fija 00550nam a2200181 i 4500
001 - NÚMERO DE CONTROL
campo de control 61972
003 - IDENTIFICADOR DE NÚMERO DE CONTROL
campo de control ES-MaACL
005 - FECHA Y HORA DE LA ÚLTIMA TRANSACCIÓN
campo de control 20230906164600.0
007 - CAMPO FIJO DE DESCRIPCIÓN FÍSICA--INFORMACIÓN GENERAL
campo de control de longitud fija t|
008 - DATOS DE LONGITUD FIJA--INFORMACIÓN GENERAL
campo de control de longitud fija 031117s1922 sp ||||1| spa d
100 1# - ENTRADA PRINCIPAL--NOMBRE DE PERSONA
Nombre de persona Falke, Otto von.
9 (RLIN) 48751
245 10 - MENCIÓN DEL TÍTULO
Título Historia del tejido de seda /
Mención de responsabilidad, etc. por Otto von Falke.
250 ## - MENCION DE EDICION
Mención de edición Nueva ed.
Resto de la mención de edición traducida por Diego Angulo Iñiguez.
260 ## - PUBLICACIÓN, DISTRIBUCIÓN, ETC.
Lugar de publicación, distribución, etc. Barcelona :
Nombre del editor, distribuidor, etc. Casellas Moncanut Hnos.,
Fecha de publicación, distribución, etc. 1922.
300 ## - DESCRIPCIÓN FÍSICA
Extensión 44 p., 526 grab. ;
Dimensiones 37 p.
700 1# - ENTRADA AGREGADA--NOMBRE PERSONAL
Nombre de persona Angulo Iñiguez, Diego.
9 (RLIN) 21788
852 ## - LOCALIZACIÓN
Ubicación ES-MaACL
Número de control de estantería C-1404
Holdings
Estatus retirado Estado de pérdida Estado de daño No para préstamo Biblioteca de origen Biblioteca actual Ubicación en estantería Fecha de adquisición Fuente de adquisición Total de préstamos Signatura topográfica completa Código de barras Visto por última vez Precio de reemplazo Tipo de ítem Koha
        Biblioteca del Ateneo de Madrid Biblioteca del Ateneo de Madrid Sala Palomar 17/01/2008     C-1404 1064977 23/02/2023 23/02/2023 Libro impreso